Barcos / (Record no. 17607)

MARC details
000 -LEADER
fixed length control field 00519cam a2200193Ia 4500
001 - CONTROL NUMBER
control field sjds28574660
003 - CONTROL NUMBER IDENTIFIER
control field sjds
005 - DATE AND TIME OF LATEST TRANSACTION
control field 20170614211454.0
008 - FIXED-LENGTH DATA ELEMENTS--GENERAL INFORMATION
fixed length control field 930805s1992 sp a j l001 0 spa d
020 ## - INTERNATIONAL STANDARD BOOK NUMBER
International Standard Book Number 8437237696 (pbk._
Terms of availability $18.95
040 ## - CATALOGING SOURCE
Original cataloging agency JRQ
Transcribing agency JRQ
041 ## - LANGUAGE CODE
Language code of text/sound track or separate title spa
092 ## - LOCALLY ASSIGNED DEWEY CALL NUMBER (OCLC)
Classification number 623.8
100 1# - MAIN ENTRY--PERSONAL NAME
Personal name Kentley, Eric.
240 10 - UNIFORM TITLE
Uniform title <a href="Boat.">Boat.</a>
Language of a work Spanish.
245 10 - TITLE STATEMENT
Title Barcos /
Statement of responsibility, etc. por Eric Kentley ; [traducido por Juan Genova Sotil].
260 ## - PUBLICATION, DISTRIBUTION, ETC. (IMPRINT)
Place of publication, distribution, etc. Madrid :
Name of publisher, distributor, etc. Altea,
Date of publication, distribution, etc. c1992.
300 ## - PHYSICAL DESCRIPTION
Extent 64 p. :
Other physical details col. ill. ;
Dimensions 29 cm.

No items available.

Powered by Koha